| 000 | 00609nam a22002057a 4500 | ||
|---|---|---|---|
| 999 |
_c18423 _d18423 |
||
| 003 | AR-CdUCM | ||
| 008 | 190514b ||||| |||| 00| 0 spa d | ||
| 040 |
_aMUNICIPALIDAD PROVINCIAL DEL CUSCO _cBIBLIOTECA MUNICIPAL DEL CUSCO |
||
| 082 |
_a868.6 / _bM64 |
||
| 100 |
_aMiró, Gabriel _910939 |
||
| 245 | _aLa novela de mi amigo nómada / | ||
| 260 |
_aBuenos Aires : _bLosada, _c1953. |
||
| 300 |
_a139 páginas ; _c20 cm. |
||
| 440 |
_aObras completas de Gabriel Miro _938999 |
||
| 505 | _aContenido : novela. | ||
| 650 |
_aLiteratura _983 |
||
| 650 |
_aNovela _95 |
||
| 942 |
_2ddc _cLIBROS |
||
| 945 | _arcc | ||